| 000 | 00636nam a22001817a 4500 | ||
|---|---|---|---|
| 005 | 20251108165415.0 | ||
| 008 | 250721s1994 xx 000 0 ara d | ||
| 082 | 1 | 4 | _aم/213.23403/جيا |
| 100 | 1 | _aالجياني، أبو علي الحسين بن محمد | |
| 245 | 1 | 0 | _aالقاب الصحابه التابعين في المسندين الصحيحين الألقاب / |
| 264 | 1 |
_aالقاهره : _bدار الفضيله، _c1994. |
|
| 300 | _a159ص | ||
| 650 | 1 | 7 | _aالإسلام |
| 650 | 1 | 7 | _aالحديث الشريف |
| 700 | 1 |
_aعزب، محمد زينهم محمد _eتحقيق |
|
| 942 |
_2ddc _cREF |
||
| 999 |
_c27171 _d27171 |
||